Numerical continuation methods for dynamical systems : path following and boundary value problems /

Guardado en:
Otros Autores: Krauskopf, Bernd. (Editor ), Osinga, Hinke M. (Editor ), Galán-Vioque, Jorge. (Editor )
Formato: Libro
Idioma:English
Publicado: Dordrecht : Bristol : Springer ; Canopus, c2007.
Series:Understanding complex systems
Acceso en línea:Libro electrónico (SpringerLink, vía BECYT)
Etiquetas: Agregar Etiqueta
Sin Etiquetas, Sea el primero en etiquetar este registro!
LEADER 02195nam a22002655a 4500
001 MAT.inmabb006524
008 111018s2007####ne#a#####b####000#0#eng#d
005 20111018125026.0
245 1 0 |a Numerical continuation methods for dynamical systems :  |b path following and boundary value problems /  |c Bernd Krauskopf, Hinke M. Osinga, Jorge Galán-Vioque (Eds.). 
260 |a Dordrecht :  |b Springer ;  |a Bristol :  |b Canopus,  |c c2007. 
300 |a xix, 399 p. :  |b il. (algunas col.) ;  |c 24 cm. 
490 1 |a Understanding complex systems 
504 |a Incluye referencias bibliográficas. 
505 0 |a Eusebius J. Doedel, Lecture notes on numerical analysis of nonlinear equations -- Willy Govaerts and Yuri A. Kuznetsov, Interactive continuation tools -- Michael E. Henderson, Higher-dimensional continuation -- Bernd Krauskopf and Hinke M. Osinga, Computing invariant manifolds via the continuation of orbit segments -- Donald G. Aronson and Hans G. Othmer, The dynamics of SQUIDs and coupled pendula -- Sebastian M. Wieczorek, Global bifurcation analysis in laser systems -- Emilio Freire and Alejandro J. Rodríguez-Luis, Numerical bifurcation analysis of electronic circuits -- John Guckenheimer and M. Drew LaMar, Periodic orbit continuation in multiple time scale systems -- Jorge Galán-Vioque and André Vanderbauwhede, Continuation of periodic orbits in symmetric Hamiltonian systems -- Wolf-Jürgen Beyn and Vera Thümmler, Phase conditions, symmetries and PDE continuation -- Alan R. Champneys and Björn Sandstede, Numerical computation of coherent structures -- Dirk Roose and Robert Szalai, Continuation and bifurcation analysis of delay differential equations. 
510 4 |a MR,  |c 2008f:37001 
530 |a Versión electrónica disponible en SpringerLink. 
020 |a 9781402063558 (hb) 
020 |a 9781402063565 (e-book) 
700 1 |a Krauskopf, Bernd.  |4 edt 
700 1 |a Osinga, Hinke M.  |4 edt 
700 1 |a Galán-Vioque, Jorge.  |4 edt 
830 0 |a Understanding complex systems 
084 |a 37-06 (34-06 35-06 37Mxx 65-06 65Pxx)  |2 msc2000 
856 |u http://dx.doi.org/10.1007/978-1-4020-6356-5  |y Libro electrónico (SpringerLink, vía BECYT) 
859 |h 37  |i N971  |p A-8740  |b BIB. MATEMATICA